MARC

LEADER 00000nam2a2200000 4500
001 368316
005 20231102012054.0
035 |a (RuTPU)RU\TPU\retro\25680 
035 |a RU\TPU\retro\25679 
090 |a 368316 
100 |a 20220407d1947 k y0rusy50 ca 
101 0 |a rus 
102 |a RU 
105 |a a z 001zy 
200 0 |a № 5  |f под ред. В. А. Хахлова 
210 |d 1947 
215 |a 104 с.  |c ил., карта 
320 |a Библиография в конце статей 
461 1 |0 (RuTPU)RU\TPU\retro\10857  |t Ученые записки  |o [сборник статей]  |f Томский государственный университет (ТГУ)  |v № 5  |d 1946-   |s Ученые записки Томского государственного университета (ТГУ) 
606 1 |a Университеты  |2 stltpush  |3 (RuTPU)RU\TPU\subj\63052  |9 80100 
606 1 |a Геология  |2 stltpush  |3 (RuTPU)RU\TPU\subj\6095  |9 34054 
610 1 |a йод 
610 1 |a тепловая проводимость 
610 1 |a Телецкое озеро 
610 1 |a клещи 
610 1 |a переносчики 
610 1 |a теоремы 
610 1 |a дифференциальные уравнения 
610 1 |a однолистные функции 
610 1 |a семейства 
610 1 |a происхождение 
610 1 |a Минусинский район 
610 1 |a горючие сланцы 
610 1 |a Барзасское месторождение 
610 1 |a линейные функционалы 
610 1 |a Нарым 
610 1 |a слоистые глины 
610 1 |a минеральные воды 
610 1 |a секреция 
610 1 |a секреция 
610 1 |a соли лития 
610 1 |a молекулярные соединения 
610 1 |a галогениды 
610 1 |a мышьяк 
610 1 |a ракообразные 
610 1 |a Томская область 
610 1 |a соли лантана 
610 1 |a каменноугольная флора 
610 1 |a цинксульфидный фосфор 
610 1 |a фотолюминесценция 
610 1 |a затухание 
675 |a 55  |v 3 
686 |a Ч484(2)71  |v LBC/SL-A  |2 rubbk 
702 1 |a Хахлов  |b В. А.  |c российский геолог  |c профессор Томского государственного университета  |f 1894-1972  |g Венедикт Андреевич  |2 stltpush  |3 (RuTPU)RU\TPU\pers\13890  |4 340 
801 1 |a RU  |b 63413507  |c 20130206 
801 2 |a RU  |b 63413507  |c 20220518  |g RCR 
942 |c BK